|
|
|
|
| LEADER |
01091nam a2200277 a 4500 |
| 001 |
1483796 |
| 008 |
090715s1985 enk 000 0 eng d |
| 010 |
|
|
|a 87149624
|
| 020 |
|
|
|a 0571222978
|
| 020 |
|
|
|a 0571135862 (pbk.)
|
| 040 |
|
|
|a DLC
|c DLC
|d DLC
|
| 082 |
0 |
0 |
|a 811/.54
|2 19
|
| 100 |
1 |
|
|a Plath, Sylvia.
|
| 240 |
1 |
0 |
|a Poems.
|k Selections
|
| 245 |
1 |
0 |
|a Sylvia Plath's Selected poems /
|c chosen by Ted Hughes.
|
| 260 |
|
|
|a London ;
|a Boston :
|b Faber and Faber,
|c 1985.
|
| 300 |
|
|
|a 71 p. ;
|c 20 cm.
|
| 500 |
|
|
|a Half title: Selected poems.
|
| 541 |
1 |
|
|e 00015381
|
| 700 |
1 |
|
|a Hughes, Ted,
|d 1930-1998.
|
| 740 |
0 |
|
|a Selected poems.
|
| 852 |
4 |
|
|a Ayesha Abed Library
|j General shelf
|
| 942 |
0 |
0 |
|0 2
|
| 999 |
|
|
|c 2477
|d 2477
|
| 952 |
|
|
|0 0
|1 0
|2 ddc
|4 0
|6 811_540000000000000_PLA_2004
|7 0
|9 2293
|a BRACUL
|b BRACUL
|c GEN
|d 2009-07-16
|g 423.00
|l 17
|m 137
|o 811.54 PLA
|p 3010015381
|r 2026-05-06
|s 2025-10-26
|t 1
|w 2009-07-16
|y BK
|
| 952 |
|
|
|0 0
|1 4
|2 ddc
|4 0
|6 811_540000000000000_PLA
|7 0
|9 22585
|a BRACUL
|b BRACUL
|c GEN
|d 2013-06-01
|l 3
|m 1
|o 811.54 PLA
|p 3010015402
|r 2016-02-01
|s 2016-01-21
|t 2
|w 2013-06-01
|y BK
|x Koha Inventory 2020
|